Conflictos existenciales (notice n° 1517043)
[ vue normale ]
| 000 -LEADER | |
|---|---|
| fixed length control field | 00834cam a2200181 4500500 |
| 005 - DATE AND TIME OF LATEST TRANSACTION | |
| control field | 20251012005435.0 |
| 041 ## - LANGUAGE CODE | |
| Language code of text/sound track or separate title | fre |
| 042 ## - AUTHENTICATION CODE | |
| Authentication code | dc |
| 100 10 - MAIN ENTRY--PERSONAL NAME | |
| Personal name | Calas-Leroux, Viviane |
| Relator term | author |
| 245 00 - TITLE STATEMENT | |
| Title | Conflictos existenciales |
| 260 ## - PUBLICATION, DISTRIBUTION, ETC. | |
| Date of publication, distribution, etc. | 2025.<br/> |
| 500 ## - GENERAL NOTE | |
| General note | 78 |
| 520 ## - SUMMARY, ETC. | |
| Summary, etc. | Tanto Putin como Netanyahu pretenden conquistar territorios y aniquilar a las poblaciones que viven en ellos, desafiando el derecho internacional. A cualquiera que le preocupe el destino de los palestinos, también debería preocuparle el de Ucrania, y viceversa. Y lo mismo debería hacer Europa. |
| 700 10 - ADDED ENTRY--PERSONAL NAME | |
| Personal name | Abdelhak, Mohand Ameziane |
| Relator term | author |
| 700 10 - ADDED ENTRY--PERSONAL NAME | |
| Personal name | Moro, Marie Rose |
| Relator term | author |
| 786 0# - DATA SOURCE ENTRY | |
| Note | Esprit | Mai | 5 | 2025-04-29 | p. 5-7 | 0014-0759 |
| 856 41 - ELECTRONIC LOCATION AND ACCESS | |
| Uniform Resource Identifier | <a href="https://shs.cairn.info/revista-esprit-2025-5-page-5?lang=es&redirect-ssocas=7080">https://shs.cairn.info/revista-esprit-2025-5-page-5?lang=es&redirect-ssocas=7080</a> |
Pas d'exemplaire disponible.




Réseaux sociaux